MIET PUBLIC SCHOOLS

The Autobiography of Benjamin Franklin (Record no. 991)

MARC details
000 -LEADER
fixed length control field 00204nam a2200097 4500
020 ## - INTERNATIONAL STANDARD BOOK NUMBER
International Standard Book Number 9789380005225
082 ## - DEWEY DECIMAL CLASSIFICATION NUMBER
Classification number 400
245 ## - TITLE STATEMENT
Title The Autobiography of Benjamin Franklin
300 ## - PHYSICAL DESCRIPTION
Extent 184p
942 ## - ADDED ENTRY ELEMENTS (KOHA)
Source of classification or shelving scheme Dewey Decimal Classification
Koha item type Novel series
Holdings
Withdrawn status Lost status Source of classification or shelving scheme Damaged status Not for loan Permanent location Current location Date acquired Currency Cost, normal purchase price Total Checkouts Barcode Date last seen Bill Date Koha item type Bill Number
    Dewey Decimal Classification     MIET Public School Jagriti Vihar Meerut MIET Public School Jagriti Vihar Meerut 10/19/2022 125.00 125.00   J01880 10/19/2022   Novel series 20-21/CRB/11
opac credits

Powered by Koha